00319nam a2200121Ia 4500008004100000041000800041082001200049100001800061245004500079260003600124300003000160365000700190240624s9999 xx 000 0 und d aeng a823 BHA aBHAGAT CHETAN aFIVE POINT SOMEONE WHAT NOT TO DO AT IIT c2011aNew DelhibRupa & Company axi, : 267 : p. : cm. ; 19 cRS